Statistics for Fortnite Weapons

Click here to take the quiz!

General Stats

  • This quiz has been taken 134 times
  • The average score is 8 of 21

Answer Stats

Gun% Correct
Scar
81%
Pump Shotgun
75%
Pistol
63%
Tactical Shotgun
63%
Bolt Action Sniper
54%
Rocket Launcher
50%
Heavy Shotgun
43%
Grenade Launcher
42%
Semi-Auto Sniper
42%
Burst Assault Rifle
38%
Minigun
38%
Revolver
36%
Submachine Gun
36%
Handcannon
35%
Hunting Rifle
35%
Suppressed Pistol
25%
Suppressed SMG
22%
M16
21%
Scoped Assault Rifle
19%
Crossbow
16%
Guided Missile
13%

Score Distribution

Percentile by Number Answered

Percent of People with Each Score

Your Score History

You have not taken this quiz